000 00254nam a22001217a 4500
003 SGT
082 _a823
_bRUS
100 _aRUSSELL MICHAEL
245 _aTHE CITY OF STRANGERS
260 _aLONDON
_bAVON PUB
_c2013
300 _a486
942 _2ddc
_cBK
999 _c33690
_d33690